Caucasian Countries on the Map - Statistics

General Stats
  • This quiz has been taken 55 times
  • The average score is 6 of 6
Answers on the Map
Answers color-coded by a green-red scale on the quiz's map according to % correct below.
 
Answer Stats
Country % Correct
Georgia
100%
Russia
98%
Armenia
96%
Türkiye
94%
Azerbaijan
92%
Iran
90%
No matching quizzes found
Score Distribution
Percent of People with Each Score
Percentile by Number Answered
Your Score History
You have not taken this quiz